| 000 | 00788 a2200229 4500 | ||
|---|---|---|---|
| 003 | Nust | ||
| 005 | 20220816144640.0 | ||
| 010 | _a 2006281094 | ||
| 020 | _a0596003099 (pbk.) | ||
| 040 | _cNust | ||
| 082 | 0 | 0 | _a005.133,ORE |
| 100 | 1 |
_aLiberty, Jesse. _956830 |
|
| 245 | 1 | 0 |
_aProgramming C# / _cJesse Liberty. |
| 250 | _a2nd ed. | ||
| 260 |
_aSebastopol, CA : _bO'Reilly, _c2002. |
||
| 300 |
_axviii, 629 p. : _bill. ; _c24 cm. |
||
| 505 | _aPart-1: The C# Language (Page-3), Part-2: Programming with C# (Page-295), Part-3: The CLR and the Net Framework (Page-419). | ||
| 650 | 0 |
_aCĠ(Computer program language) _997483 |
|
| 650 | 0 | _aComputer programming. | |
| 856 | 4 | 1 |
_3Table of contents only _uhttp://www.loc.gov/catdir/toc/fy0701/2006281094.html |
| 942 |
_2ddc _cBK _k005.133,ORE |
||
| 999 |
_c180088 _d180088 |
||